Detalles MARC
| 000 -LÍDER |
| Campo fijo de descripción fija |
01446nam a22003377i 4500 |
| 001 - NÚMERO DE CONTROL |
| Campo de control |
768714001 |
| 003 - IDENTIFICADOR DEL NÚMERO DE CONTROL |
| Campo de control |
CO-MdFUSB |
| 005 - FECHA Y HORA DE LA ULTIMA TRANSACCIÓN |
| control field |
20200221153015.0 |
| 007 - CAMPO FIJO DE DESCRIPCIÓN FIJA--INFORMACIÓN GENERAL |
| Campo fijo de descripción fija |
Texto |
| 008 - ELEMENTOS DE LONGITUD FIJA -- INFORMACIÓN GENERAL |
| Campo fijo de descripción fija -- Información general |
200221t1994 xxu |||| |||| 00| 0 eng d |
| 020 ## - NÚMERO INTERNACIONAL NORMALIZADO PARA LIBROS |
| Número Internacional Normalizado del libro |
0700701710 |
| 040 ## - FUENTE DE CATALOGACIÓN |
| Agencia de catalogación original |
CO-MdFUSB |
| Idioma de catalogación |
spa |
| Agencia que realiza la transcripción |
CO-MdFUSB |
| Agencia que realiza la modificación |
CO-MdFUSBC |
| Convenciones de la descripción |
rda |
| 041 ## - CÓDIGO DE IDIOMA |
| Código de idioma para texto/pista de sonido o título separado |
eng |
| 082 ## - NÚMERO DE CLASIFICACIÓN DECIMAL DEWEY |
| Número de la edición del Dewey |
23 |
| Número de clasificación |
294.3 |
| Clave de autor-Numero de item |
H927s |
| 100 ## - ASIENTO PRINCIPAL--NOMBRE PERSONAL |
| Nombre personal |
Humphreys, Christman. |
| Término relacionador |
autor |
| 245 1# - TÍTULO |
| Título del Material |
Studies in the middle way : |
| Parte restante del título - Subtitulo |
being thoughts on Buddhism applied |
| Mención de responsabilidad, etc. |
/ Christman Humphreys |
| 250 ## - MENCIÓN DE EDICIÓN |
| Mención de edición |
Cuarta edición |
| 264 #1 - PRODUCCIÓN, PUBLICACIÓN, DISTRIBUCIÓN, MANUFACTURA, Y COPYRIGHT |
| Lugar de producción, publicación, distribución, manufactura |
[Lugar de publicación no identificado] |
| Nombre del productor, publicador, distribuidor |
Curzon Press, |
| Fecha de producción, publicación, distribución, manufactura, o copyright |
[1994] |
| 264 #4 - PRODUCCIÓN, PUBLICACIÓN, DISTRIBUCIÓN, MANUFACTURA, Y COPYRIGHT |
| Fecha de producción, publicación, distribución, manufactura, o copyright |
© 1994 |
| 300 ## - DESCRIPCIÓN FÍSICA |
| Extensión |
169 páginas |
| Dimensiones |
; 22 cm |
| 336 ## - TIPO DE CONTENIDO |
| Fuente |
rdacontent |
| Término de tipo de contenido |
texto |
| Código de tipo de contenido |
txt |
| 337 ## - TIPO DE MEDIO |
| Fuente |
rdamedia |
| Nombre del tipo de medio |
sin mediación |
| Código del tipo de medio |
n |
| 338 ## - TIPO DE SOPORTE |
| Fuente |
rdacarrier |
| Nombre del tipo de soporte |
volumen |
| Código Tipo de soporte |
nc |
| 490 ## - MENCIÓN DE SERIE |
| Mención de serie |
Curzon Paperbacks |
| 505 ## - NOTA DE CONTENIDO |
| Nota de contenido con formato preestablecido |
Las ramas del árbol. -- El río del devenir. -- No niegues nada -afirma todo. -- Yo como el señor de mi mismo.-- Uso y abuso de circunstancias. -- En alabanza del dolor. -- El camino del medio.-- Dana: el arte de dar. -- Moralidad budista. -- ¿Por qué tenemos miedo?. --Budismo y Dios. -- Bhavana-y yo. iluminación. -- La doctrina de la inmediatez. --Theravada y Zen. -- La cabeza y el corazón. -- Budismo y psicología. --Teosofía y budismo. |
| 563 ## - NOTA DE ENCUADERNACIÓN |
| Nota de encuadernación |
Rústico |
| 650 #0 - ASIENTO SECUNDARIO DE MATERIA - TERMINO TEMÁTICO |
| 9 (RLIN) |
960 |
| Término temático o nombre geográfico como elemento de entrada |
Cristianismo y otras religiones |
| Subdivisión general |
Budismo |
| 942 ## - TIPO DE MATERIAL (KOHA) |
| Tipo de Item KOHA |
Libros General |
| 945 ## - INFORMACIÓN LOCAL DEL REGISTRO |
| Catalogador |
JTF-925 |